000 00269nam a22001217a 4500
008 170413b xxu||||| |||| 00| 0 eng d
041 _aeng
080 _a612.39
100 _a10
101 _aSHM
245 _aSCOPE MANUAL ON NUTRITION
_cLATHAM, M.C
942 _2udc
_cBK
999 _c10658
_d10658